|
|
|
|
| LEADER |
01091nam a2200289 a 4500 |
| 001 |
16458394 |
| 008 |
120111s2011 cc a 001 0 eng d |
| 020 |
|
|
|a 9789350231883
|
| 040 |
|
|
|a JSY
|c JSY
|d BWX
|d YDXCP
|d TEF
|d DLC
|d BD-DhAAL
|
| 082 |
0 |
4 |
|a 005.133
|2 22
|
| 100 |
1 |
|
|a Barry, Paul,
|d 1966-
|
| 245 |
1 |
0 |
|a Head first python /
|c Paul Barry
|
| 250 |
|
|
|a 1st ed.
|
| 260 |
|
|
|a Beijing ;
|a Sebastopol, CA :
|b O'Reilly ;
|a New Delhi :
|b Shroff Publishers and Distributors
|c 2011.
|
| 300 |
|
|
|a xxxiv, 457 p. :
|b ill. ;
|c 24 cm.
|
| 490 |
1 |
|
|a Head first
|
| 500 |
|
|
|a Subtitle from cover.
|
| 500 |
|
|
|a "A Brain-Friendly Guide"-- cover.
|
| 500 |
|
|
|a Includes index.
|
| 541 |
1 |
|
|e 00024213
|
| 650 |
|
0 |
|a Python (Computer program language)
|
| 650 |
|
0 |
|a Computer programming.
|
| 700 |
1 |
|
|a Griffiths, David.
|
| 830 |
|
0 |
|a Head first series.
|
| 852 |
1 |
|
|a Ayesha Abed Library
|j General shelf
|
| 999 |
|
|
|c 11759
|d 11759
|
| 952 |
|
|
|0 0
|1 0
|4 0
|6 005_133000000000000_BAR
|7 0
|9 19154
|a BRACUL
|b BRACUL
|c GEN
|d 2012-01-15
|e Karim International
|g 825.00
|l 47
|m 310
|o 005.133 BAR
|p 3010024213
|r 2025-12-23
|s 2025-10-22
|t 1
|w 2012-01-15
|y BK
|